00389cam a22001337a 4500008003600000082001600036100002400052245006300076260002700139300000900166440004700175650001300222650002000235180718b xxu||||| |||| 00| 0 eng d aZ211 K897kh aKrishnamurthy, K.H. aKhas, kesar, nagakesar and khaskhascby K.H. Krishnamurthy aDelhibBooks For Allc a92p. aHealth series: traditional family medicine aMedicine aFamily medicine